000 00324nam a2200145Ia 4500
100 _aKapil Dev
942 _cBK
654 _aWorkshop calculation
245 _aWorkshop Calculation and science(Common)
260 _bAsian Pub.
_aDelhi
_c2000
082 _a621.3
_bKAP
300 _a496
546 _aENGLISH
999 _c20536
_d20536